LIBRARY ONLINE CATALOGUE

Scripture and counseling : (Record no. 19896)

MARC details
000 -LEADER
fixed length control field 01234cam a2200325 i 4500
001 - CONTROL NUMBER
control field 18235575
003 - CONTROL NUMBER IDENTIFIER
control field OSt
005 - DATE AND TIME OF LATEST TRANSACTION
control field 20230202112834.0
008 - FIXED-LENGTH DATA ELEMENTS--GENERAL INFORMATION
fixed length control field 140721s2014 miu b 001 0 eng
010 ## - LIBRARY OF CONGRESS CONTROL NUMBER
LC control number 2014010369
020 ## - INTERNATIONAL STANDARD BOOK NUMBER
International Standard Book Number 9780310516835
040 ## - CATALOGING SOURCE
Original cataloging agency DLC
Language of cataloging eng
Transcribing agency DLC
Description conventions rda
Modifying agency DLC
042 ## - AUTHENTICATION CODE
Authentication code pcc
050 00 - LIBRARY OF CONGRESS CALL NUMBER
Classification number BR115.C69
Item number S37 2014
245 00 - TITLE STATEMENT
Title Scripture and counseling :
Remainder of title God's word for life in a broken world /
Statement of responsibility, etc. Bob Kellemen, general editor, Jeffery Forrey, managing editor ; foreword by R. Albert Mohler Jr.
264 #1 - PRODUCTION, PUBLICATION, DISTRIBUTION, MANUFACTURE, AND COPYRIGHT NOTICE
Place of production, publication, distribution, manufacture Grand Rapids, Michigan :
Name of producer, publisher, distributor, manufacturer Zondervan,
Date of production, publication, distribution, manufacture, or copyright notice 2014
300 ## - PHYSICAL DESCRIPTION
Extent 480 p.
336 ## - CONTENT TYPE
Content type term text
Content type code txt
Source rdacontent
337 ## - MEDIA TYPE
Media type term unmediated
Media type code n
Source rdamedia
338 ## - CARRIER TYPE
Carrier type term volume
Carrier type code nc
Source rdacarrier
500 ## - GENERAL NOTE
General note "A Biblical Counseling Coalition book."
504 ## - BIBLIOGRAPHY, ETC. NOTE
Bibliography, etc Includes bibliographical references (pages 448-458) and index.
630 00 - SUBJECT ADDED ENTRY--UNIFORM TITLE
Uniform title Bible
General subdivision Psychology.
650 #0 - SUBJECT ADDED ENTRY--TOPICAL TERM
Topical term or geographic name as entry element Counseling
General subdivision Religious aspects
-- Christianity.
650 #0 - SUBJECT ADDED ENTRY--TOPICAL TERM
Topical term or geographic name as entry element Christian life
General subdivision Biblical teaching.
700 1# - ADDED ENTRY--PERSONAL NAME
Personal name Kellemen, Robert W.,
Relator term editor.
906 ## - LOCAL DATA ELEMENT F, LDF (RLIN)
a 7
b cbc
c orignew
d 1
e ecip
f 20
g y-gencatlg
942 ## - ADDED ENTRY ELEMENTS (KOHA)
Source of classification or shelving scheme Library of Congress Classification
Koha item type General Collection
Holdings
Withdrawn status Lost status Source of classification or shelving scheme Not for loan Home library Current library Date acquired Cost, normal purchase price Total Checkouts Full call number Barcode Date last seen Price effective from Koha item type
    Library of Congress Classification   Kabarak, Main Campus Kabarak, Main Campus 02/02/2023 7305.00   BR115.C69 S37 2014 c.1 34884 02/08/2024 02/02/2023 General Collection